Central Library OPAC University of Rajshahi

حاشیہ الباجوری علی البردہ ;; haashiya albajuri ali albardah / (Record no. 84624)

MARC details
000 -LEADER
fixed length control field 00698nam a22001937a 4500
001 - CONTROL NUMBER
control field 84624
003 - CONTROL NUMBER IDENTIFIER
rucl marc code BD-RjUL
005 - DATE AND TIME OF LATEST TRANSACTION
control field 20250129143657.0
008 - FIXED-LENGTH DATA ELEMENTS--GENERAL INFORMATION
fixed length control field 250129s1952 le ||||| |||| 00| 0 ara d
035 ## - SYSTEM CONTROL NUMBER
System control number (BD-RjUL) 84624
040 ## - CATALOGING SOURCE
Original cataloging agency BD-RjUL
Language of cataloging eng
Transcribing agency BD-RjUL
041 ## - LANGUAGE CODE
Language code of text/sound track or separate title ara
082 ## - DEWEY DECIMAL CLASSIFICATION NUMBER
Edition number 23
Classification number 892.7107
Author mark and year BAH 1952
100 ## - MAIN ENTRY--PERSONAL NAME
Personal name الباجوری ٫ ابراہیم ;; Al-Bajouri, Ibrahim
9 (RLIN) 14863
245 ## - TITLE STATEMENT
Title حاشیہ الباجوری علی البردہ ;; haashiya albajuri ali albardah /
Statement of responsibility, etc. ابراہیم الباجوری ;; Ibrahim Al-Bajouri
260 ## - PUBLICATION, DISTRIBUTION, ETC. (IMPRINT)
Place of publication, distribution, etc. مصر:
Name of publisher, distributor, etc. مکتبہ و مطبع محمد علی صبیح واولادہ,
Date of publication, distribution, etc. 1952
300 ## - PHYSICAL DESCRIPTION
Pagination 80 p. ;
Size 27 cm
942 ## - ADDED ENTRY ELEMENTS (KOHA)
Source of classification or shelving scheme Dewey Decimal Classification
Koha item type Books
Holdings
Lost status Source of classification or shelving scheme Damaged status Not for loan Collection code Permanent Location Current Location Shelving location Date acquired Total Checkouts Full call number Date last seen Copy number Koha item type
  Dewey Decimal Classification   Not For Loan Non-fiction Central Library, University of Rajshahi Central Library, University of Rajshahi Reading Room 29/01/2025   A 892.7107 BAH 1952 29/01/2025 C- 1 Books